000 00331 a2200109 4500
001 ART_2725
005 20260410161709.0
008 260409a
245 1 0 _aEstrategia para estimular la movilidad social
100 1 _aGermani, Gino
773 0 _tDesarrollo económico
_g- Vol. 1, Nº 3 (oct./dic. 1961)
_wREV1174
999 _c15943
_d15943